000
00251nam a22001097a 4500
040
_c
SK
082
_a
579
100
_a
LORD REASMEY
245
_a
Microbiologie generale appliquee en agronomie et en foresterie
260
_a
NA
_b
LOR
_c
1999
942
_c
EK
999
_c
10330
_d
10330